000 01604cam a22003974i 4500
003 PE-LiUPU
005 20250731173210.0
008 150625s r 000 0 d
035 _a(Sirsi) a31975
040 _aPE-LiUPU
_bspa
_cPE-LiUPU
_erda
082 0 4 _a220.64
_bC66
_221
100 1 _aDe Cocagnac, Maurice,
_eautor.
245 1 4 _aLos Símbolos Bíblicos.
264 1 _aBilbao :
_bDesclee De Brouwer,
_c1994.
300 _a456 páginas ;
_c22 cm.
336 _atext
_2rdacontent
337 _aunmediated
_2rdamedia
338 _avolume
_2rdacarrier
505 0 _aLa luz. -El fuego. -El agua. -El viento, el soplo, el espiritu. -La tierra. -El cielo, la montaña, la subida hacia a Dios. -El pan del cuerpo y el pan del espiritu. -El bestario biblico. -El amor de Dios por su pueblo. -El corazon, el cuerpo. -El trabajo de los hombres. -El reposo de Dios. -La accion profetica. -El aceite y la uncion. -Los ruidos, el grito, el sonid de los instrumentos..
526 _aSEG42
526 _aSEG41
526 _aSEG40
526 _aSEG39
526 _aP94
526 _aP87
526 _aP86
526 _aP85
526 _aP77
526 _aP76
526 _aP35
942 _2ddc
_cBOOK
949 _a220.64 C66
_wDEWEY
_c1
_i38673
_lCCODEBUL1
_mBUL
_p00.00
_r0
_sY
_tBOOK
_u2015-06-25
_xBIBLIOTECA
_zUNKNOWN
_0COMPRA
_o.STAFF. Colección General
596 _a1
999 _a220.64 C66
_wDEWEY
_c39582
_i38673
_d39582
_f2021-11-9
_g5
_lCCODEBUL1
_mBUL
_q1
_r0
_sY
_tBOOK
_u2015-6-25
_xTEOLOGIA
_zUNKNOWN
_0COMPRA
_o.STAFF. Colección General
980 _81
_gALBERTO SANCHEZ Responsable de Automatización